000 01046nam a22003137a 4500
003 CHAP
005 20220329133753.0
008 971013s1919 r 00010 d
010 _a10634
011 _a11606
035 _a10845
040 _cCHAP
082 _a630.72
_bE2
110 _aEcole Nationale Superieure Agronomique de Montpellier
_935125
245 _aFichier documentaire; agronomie des régions chaudes, fichare
260 _aMontpellier,
_c19 -19
300 _av
590 _aBATCH-UPD
_b10
_c20130110
_lUCH01
_h1651
590 _aBATCH-UPD
_b10
_c20130410
_lUCH01
_h1040
590 _aBATCH-UPD
_b10
_c20130914
_lUCH01
_h0321
590 _aCONVERSION
_b10
_c20130109
_lUCH01
_h1307
650 1 4 _aAgricultura
_xInvestigacion
_xFrancia.
_91624
650 1 4 _aAgricultura
_xRegiones áridas.
_91781
650 1 4 _aRegiones áridas
_xAgricultura.
_995670
901 _aBK
942 _cLIBRO
949 _a630.72 E2
_bBC
_cLIBRO
_d-22808
_eLIBRO
_fv.1
_h51171
_i10845
_si
949 _a630.72 E2
_bBC
_cLIBRO
_d-22809
_eLIBRO
_fv.2
_h51172
_i10845
_si
999 _c10634
_d10634